000
00198nam a2200097Ia 4500
008
240331s9999 xx 000 0 und d
082
_b
THE
100
_a
Thevarajah, S
245
0
_a
Aachchi
942
_c
L
999
_c
3790
_d
3790